Personnel administration in libraries /

Bibliographic Details
Main Author: Stebbins, Kathleen B.
Format: Book
Language:English
Published: New York : Scarecrow Press, 1958.
Subjects:

MARC

Tag First Indicator Second Indicator Subfields
LEADER 00000cam a2200000 i 4500
001 in00000061849
005 20151008051057.0
008 770810s1958 xx 00000 eng u
010 |a  58007806  
035 |a (OCoLC)03176359 
035 |9 AAG5555AM 
040 |c MIU  |d TXA  |d UtOrBLW 
049 |a TXAM  |c [297336] 
050 0 |a Z678  |b .S7 
092 |a 023  |b S811p 
100 1 |a Stebbins, Kathleen B. 
245 1 0 |a Personnel administration in libraries /  |c Kathleen B. Stebbins. 
264 1 |a New York :  |b Scarecrow Press,  |c 1958. 
300 |a  304 pages :  |b illustrations ;  |c 23 cm. 
336 |a text  |b txt  |2 rdacontent 
337 |a unmediated  |b n  |2 rdamedia 
338 |a volume  |b nc  |2 rdacarrier 
650 0 |a Library administration. 
999 |a MARS 
999 f f |s d84a0e72-6e16-3065-b623-8565ba020420  |i eec66dbf-7ed9-373e-8ff3-3dc963b1d3bb  |t 0 
952 f f |p ric  |a Texas A&M University  |b Rellis Campus  |c Joint Library Facility  |d Remote Storage  |t 0  |e Z678 .S7  |h Library of Congress classification  |i unmediated -- volume  |m A14826352935 
998 f f |a Z678 .S7  |t 0  |l Remote Storage